New international business English : Student's book
Introduction to the BEC Vantage exam and a full practice test including audio.
Guardat en:
| Autor principal: | |
|---|---|
| Format: | Llibre |
| Idioma: | Undetermined |
| Publicat: |
Cambridge
Cambridge University
2000
|
| Matèries: | |
| Etiquetes: |
Afegir etiqueta
Sense etiquetes, Sigues el primer a etiquetar aquest registre!
|
| Thư viện lưu trữ: | Trung tâm Học liệu Trường Đại học Cần Thơ |
|---|
| LEADER | 00785nam a2200217Ia 4500 | ||
|---|---|---|---|
| 001 | CTU_171340 | ||
| 008 | 210402s9999 xx 000 0 und d | ||
| 082 | |a 808.06665 | ||
| 082 | |b J77/CD.3 | ||
| 100 | |a Jones, Leo | ||
| 245 | 0 | |a New international business English : | |
| 245 | 0 | |b Student's book | |
| 245 | 0 | |c Leo Jones, Richard Alexander | |
| 260 | |a Cambridge | ||
| 260 | |b Cambridge University | ||
| 260 | |c 2000 | ||
| 520 | |a Introduction to the BEC Vantage exam and a full practice test including audio. | ||
| 650 | |a Business communication,English language,Giao tiếp thương mại,Ngôn ngữ tiếng Anh | ||
| 650 | |x Business English,Anh văn thương mại | ||
| 904 | |i Phương, Ni, Năm | ||
| 980 | |a Trung tâm Học liệu Trường Đại học Cần Thơ | ||